MARC

LEADER 00000nam0a2200000 4500
001 102346
005 20231031112948.0
035 |a (RuTPU)RU\TPU\book\110361 
090 |a 102346 
100 |a 20060922d2000 m y0rusy50 ca 
101 0 |a rus 
102 |a RU 
105 |a y z 000zy 
200 1 |a Радиационный контроль питьевой воды  |e методические рекомендации  |f Министерство здравоохранения СССР, Федеральный центр госсанэпиднадзора 
210 |a Москва  |c Минздрав России  |d 2000 
215 |a 17 с. 
610 1 |a питьевая вода 
610 1 |a радиационный контроль 
610 1 |a термины 
610 1 |a определения 
610 1 |a средства измерения 
610 1 |a методические рекомендации 
675 |a 628.16  |v 3 
712 0 2 |a Министерство здравоохранения СССР  |b Федеральный центр госсанэпиднадзора  |2 stltpush  |3 (RuTPU)RU\TPU\col\9522 
801 1 |a RU  |b 63413507  |c 20060922  |g PSBO 
942 |c BK